000 00574nam a22001817a 4500
005 20260521104155.0
010 _aENG-148566
020 _a9789383178278
_c250.00
035 _aEN-132098
037 _bDBAD
082 _a425
100 _aAbhishek Davi John
_989180
245 _aA Spark of English Grammer/
_c by Abhishek David John...[et.al]
260 _aChennai
_bMurankalari Padaippagam
_c2017
270 _a34/25, Vedhachalam st. Gandhi Nagar, Chinna Sekkadu, Manali
_bChennai
_e600068
300 _a99p.
_c21cm(pb)
942 _2ddc
_cEN
_h425
_mABH
999 _c216326
_d216326